000 00469 a2200145 4500
999 _c2957
_d2957
020 _a9781471808067
050 _aLB 1139 TAS 2014
100 _aTassoni, Penny
_eAuthor
245 _aCACHE Level 3 early years educator for the work-based learner /
_cPenny Tassoni
264 _aLondon:
_bHodder Education,
_c2014
300 _aviii, 429p. :
_bill [col.]
500 _aIncludes index and glossary
650 _aEarly childhood development
942 _2lcc
_cBK
_h1139
_i TAS
_kLB